| 000 | 00740nam a2200181 a 4500 | ||
|---|---|---|---|
| 008 | 120416s1968 ||||||||||||||||| || u | ||
| 020 | _a0408492007 | ||
| 050 | _aQA 276 Mul | ||
| 100 | _aMulholland, H | ||
| 245 | 1 | 0 | _aFundamentals of statistics |
| 260 |
_aLondon _bButterworths _c1968 |
||
| 300 | _ax, 291p. : ill. | ||
| 350 | _a0.00 | ||
| 650 | _aDISTRIBUTION (PROBABILITY THEORY) | ||
| 650 | 0 | _aMATHEMATICAL STATISTICS | |
| 995 |
_aTEXTBOOKS (SB) _D0.00 _e01337 _FCBU-SCHOOL TEXTBOOK COLLECTIONS _H1 _I0.00 _jSCHOOL TEXTBOOK _M2 _UAVAILABLE _WSep 23, 2009 _y01337 _ZSchool Collections |
||
| 995 |
_aMAIN LIBRARY OPEN ACCESS _D0.00 _e726502 _FCBU-MAIN LIBRARY (Kitwe) _H1 _I0.00 _jQA 276 Mul _M1 _UAVAILABLE _y011503 _ZMain Library Open Access Collection |
||
| 999 |
_c63380 _d63380 |
||